| 000 | 00679nam a2200145 a 4500 | ||
|---|---|---|---|
| 008 | 121019s1990 ||||||||||||||||| || u | ||
| 050 | _aPAPERS-STAFF | ||
| 100 | _aSiziya, Seter | ||
| 245 | 1 | 4 |
_aThe problems of a social survey in epidemiology: an experience from a Zambian rural community _cby Seter Siziya, F. A. D. Kaona and M. Mushanga |
| 260 |
_aLusaka: _bUniversity of Zambia, School of Medicine _c1990 |
||
| 300 | _ap. 219 - p. 224: ill. | ||
| 500 | _aBibliography | ||
| 650 | _aEPIDEMIOLOGICAL SURVEYS--PROBLEMS--ZAMBIA | ||
| 995 |
_aSPECIAL COLLECTIONS _e327 _FCBU-SCHOOL OF MEDICINE LIBRARY (Ndola) _jPAPERS/STAFF/SIZIYA _M1 _UAVAILABLE _WDec 6, 2012 _yB327 _ZZambiana Collection |
||
| 999 |
_c32519 _d32519 |
||